| 000 | 00840nam a2200241 a 4500 | ||
|---|---|---|---|
| 005 | 20220805094309.0 | ||
| 008 | 070828s2003 mx r 000 0 spa d | ||
| 020 | _a8484891003 (Iberoamericana) | ||
| 020 | _a389354593X (Vervuert) | ||
| 020 | _a9706840753 (Instituto Mora) | ||
| 035 | _aUPN01000151565 | ||
| 049 | _aCG | ||
| 050 | 4 |
_aHF3235 _bC6.5 |
|
| 245 | 0 | 0 |
_aComercio y poder en América colonial : _blos consulados de comerciantes, siglos XVII-XIX / _ced. Bernd Hausberger. |
| 260 |
_aMadrid : _bIberoamericana : _bVervuert : _bInstituto Mora, _c2003. |
||
| 300 | _a238 p. | ||
| 440 | 0 |
_aBibliotheca ibero-americana ; _v93 |
|
| 651 | 2 |
_aMéxico _xComercio _xHistoria _98842 |
|
| 651 | 4 |
_aPERU - _xCOMERCIO - _xHISTORIA _98843 |
|
| 651 | 4 |
_aCUBA - _xCOMERCIO - _xHISTORIA _98844 |
|
| 700 | 1 |
_aHausberger, Bernd, _eed. |
|
| 905 | _aLibro | ||
| 999 |
_c123701 _d123701 |
||